[Event "70th ch-RUS HL 2017"]
[Site "Sochi RUS"]
[Date "2017.07.06"]
[Round "5.19"]
[White "Goganov, Aleksey"]
[Black "Lugovskoy, Maxim"]
[Result "1/2-1/2"]
[WhiteTitle "GM"]
[BlackTitle "GM"]
[WhiteElo "2592"]
[BlackElo "2453"]
[WhiteFideId "24109959"]
[BlackFideId "24126454"]
[EventDate "2017.07.02"]

1. d4 d5 2. c4 e6 3. Nc3 a6 4. cxd5 exd5 5. Nf3 c6 6. Bf4 Bd6 7. Bxd6 Qxd6 8. e4
Ne7 9. e5 Qh6 10. Bd3 Bg4 11. Qd2 Bxf3 12. Qxh6 gxh6 13. gxf3 c5 14. dxc5 Nd7
15. f4 Nxc5 16. Rd1 O-O 17. Ke2 Kh8 18. Bb1 Rad8 19. Kf3 f6 20. Rhe1 fxe5 21.
Rxe5 Rf7 22. Nxd5 Ng6 23. Bxg6 hxg6 24. b4 Nd7 25. Re7 Kg7 26. Rxf7+ Kxf7 27.
Ne3 Ke6 28. Rc1 Nf6 29. Rc7 Rd7 30. Rxd7 Kxd7 31. Ng4 Nd5 32. a3 Ke6 33. Nxh6
Nc3 34. Kg4 Kf6 35. f5 Nb5 36. fxg6 Kxg6 37. a4 Nd4 38. Ng8 Kf7 39. Nh6+ Kg6 40.
Ng8 Kf7 41. Nh6+ 1/2-1/2

[Event "70th ch-RUS HL 2017"]
[Site "Sochi RUS"]
[Date "2017.07.06"]
[Round "5.20"]
[White "Khegay, Dmitriy"]
[Black "Drygalov, Andrey"]
[Result "1/2-1/2"]
[WhiteTitle "FM"]
[WhiteElo "2484"]
[BlackElo "2416"]
[WhiteFideId "24153729"]
[BlackFideId "24171735"]
[EventDate "2017.07.02"]

1. e4 e5 2. Nf3 Nc6 3. Bc4 Bc5 4. c3 Nf6 5. d3 d6 6. O-O a6 7. Bb3 Ba7 8. Re1
O-O 9. Bg5 h6 10. Bh4 g5 11. Bg3 Bg4 12. Nbd2 Kg7 13. Nf1 Bh5 14. Ne3 Ne7 15.
Bc2 Bxe3 16. fxe3 Ng6 17. Rf1 Bg4 18. h3 Bd7 19. Rf2 Qe7 20. Nh2 h5 21. Rf5 Bxf5
22. exf5 Nh8 23. Nf3 Nh7 24. Nd2 h4 25. Bf2 f6 26. e4 Qe8 27. Nf3 Nf7 28. Qd2
Qe7 29. Bb3 Rfd8 30. Qe2 Nh6 31. Be3 d5 32. exd5 Nxf5 33. Bf2 c6 34. dxc6 bxc6
35. Re1 Re8 36. Qe4 Qd7 37. Ba4 Rac8 38. Bc2 Nd6 39. Qa4 Nf8 40. Rf1 Ng6 41. Be3
Nf5 42. Qg4 Re7 43. Bxg5 fxg5 44. Qxg5 Rf8 45. d4 e4 46. Ne5 Rxe5 47. dxe5 Qa7+
48. Kh2 Ng3 49. Rxf8 Kxf8 50. Qxg6 Nf1+ 51. Kh1 Ng3+ 1/2-1/2

[Event "70th ch-RUS HL 2017"]
[Site "Sochi RUS"]
[Date "2017.07.06"]
[Round "5.21"]
[White "Sorokin, Aleksey"]
[Black "Samojlov, Anton"]
[Result "1-0"]
[WhiteTitle "FM"]
[BlackTitle "FM"]
[WhiteElo "2469"]
[BlackElo "2329"]
[WhiteFideId "24176460"]
[BlackFideId "4151909"]
[EventDate "2017.07.02"]

1. d4 Nf6 2. c4 e6 3. Nc3 Bb4 4. Qc2 d5 5. cxd5 Qxd5 6. e3 c5 7. Bd2 Bxc3 8.
bxc3 O-O 9. Nf3 b6 10. c4 Qd6 11. Be2 Bb7 12. Bc3 Nbd7 13. Rd1 cxd4 14. Rxd4 Qe7
15. O-O e5 16. Rdd1 Ne4 17. Bb2 Nec5 18. Nd2 Rfe8 19. Nb1 Qg5 20. g3 e4 21. Nc3
Ne5 22. h4 Qg6 23. Nb5 Re7 24. Rd6 Qf5 25. Bxe5 Qxe5 26. Rfd1 h6 27. Qc3 Qxc3
28. Nxc3 Re6 29. R6d4 Bc6 30. Bg4 Re7 31. Rd6 Rc7 32. Rd8+ Kh7 33. Rxa8 Bxa8 34.
Rd8 Bc6 35. h5 Bd7 36. Bxd7 Rxd7 37. Rxd7 Nxd7 38. Nxe4 g6 39. Nd6 Kg7 40. hxg6
fxg6 41. f4 Kf6 42. Kf2 Ke6 43. Nb5 Nc5 44. Kf3 a6 45. Nc3 Nb7 46. Nd5 b5 47.
cxb5 1-0

[Event "70th ch-RUS HL 2017"]
[Site "Sochi RUS"]
[Date "2017.07.06"]
[Round "5.22"]
[White "Savenkov, Konstantin"]
[Black "Zabotin, Alexander"]
[Result "0-1"]
[WhiteTitle "FM"]
[BlackTitle "IM"]
[WhiteElo "2437"]
[BlackElo "2466"]
[WhiteFideId "4138600"]
[BlackFideId "4159985"]
[EventDate "2017.07.02"]

1. e4 c5 2. Nf3 d6 3. Bb5+ Bd7 4. Bxd7+ Qxd7 5. c4 g6 6. d4 cxd4 7. Nxd4 Bg7 8.
Nc3 Nf6 9. O-O Nc6 10. Nde2 O-O 11. f3 a6 12. Be3 Qd8 13. Rc1 Nd7 14. Qd2 Qa5
15. b3 Rfc8 16. Rfd1 Nc5 17. Nd5 Qxd2 18. Rxd2 Nd7 19. Nec3 Bxc3 20. Rxc3 Kf8
21. f4 e6 22. Nb6 Nf6 23. Rcd3 Nxe4 24. Re2 Ke7 25. Bf2 Nxf2 26. Kxf2 Nb4 27.
Rde3 h5 28. a3 Nc6 29. Rd2 Rab8 30. Nxc8+ Rxc8 31. Red3 Na5 32. Rd1 Rc6 33. Ke3
Rb6 34. Kf2 Rxb3 35. Rxd6 Nxc4 36. Rd7+ Kf6 37. Rc7 Ne3 38. Rdd7 Ng4+ 39. Ke2
Nh6 40. Rd3 Rb2+ 41. Kf3 a5 42. Rcc3 b5 43. Rb3 Rxb3 44. Rxb3 Nf5 45. Ke4 b4 46.
axb4 axb4 47. Rxb4 g5 48. fxg5+ Kxg5 49. Rb8 Nh6 50. Rb3 Ng4 51. h3 Nh6 52. Ke5
Nf5 53. Rf3 Kg6 54. Ra3 Kg5 55. Ra8 Nh4 56. Ra2 Ng6+ 57. Kd6 Nf4 58. Ra8 Kf5 59.
Rg8 Ng6 60. Rg7 Kf6 61. Rg8 Kf5 62. Ra8 Nf4 63. Ra5+ Kf6 64. Ra3 Kf5 65. Ra5+
Kf6 66. Ra3 Kf5 67. Rg3 e5 68. Rg8 e4 69. g4+ 0-1

[Event "70th ch-RUS HL 2017"]
[Site "Sochi RUS"]
[Date "2017.07.06"]
[Round "5.23"]
[White "Musaev, Rasul"]
[Black "Utnasunov, Alexander"]
[Result "0-1"]
[WhiteTitle "FM"]
[WhiteElo "2287"]
[BlackElo "2444"]
[WhiteFideId "24146870"]
[BlackFideId "4134524"]
[EventDate "2017.07.02"]

1. e4 c5 2. Nc3 Nc6 3. Nge2 g6 4. d4 cxd4 5. Nxd4 Bg7 6. Be3 Nf6 7. Bc4 O-O 8.
Bb3 d6 9. h3 Bd7 10. O-O Rc8 11. Re1 Ne5 12. Qe2 Rxc3 13. bxc3 Nxe4 14. Bd2 Nxd2
15. Qxd2 e6 16. c4 Qb6 17. Rad1 Rc8 18. Qe2 Qc5 19. Nf3 a5 20. Nd2 a4 21. Ne4
Qa7 22. Nxd6 Rf8 23. Qe3 Qxe3 24. Rxe3 axb3 25. cxb3 Nc6 26. Nb5 Bc8 27. c5 e5
28. a3 Nd4 29. Nd6 Be6 30. Nxb7 Nxb3 31. c6 Nd4 32. Nc5 Rc8 33. Nxe6 fxe6 34.
Rb1 Rxc6 35. Rb8+ Kf7 36. Rb7+ Kf6 37. g3 Rc1+ 38. Kh2 Rc2 39. Kg2 Bf8 40. g4 h5
41. Rg3 hxg4 42. hxg4 Bh6 43. a4 Ra2 44. Ra7 Bf4 45. Rd3 Kg5 46. a5 Kxg4 47. a6
Nf5 48. Rb3 Ne3+ 0-1

[Event "70th ch-RUS HL 2017"]
[Site "Sochi RUS"]
[Date "2017.07.06"]
[Round "5.24"]
[White "Kozak, Alexander"]
[Black "Savitskiy, Sergey"]
[Result "1/2-1/2"]
[WhiteTitle "FM"]
[BlackTitle "FM"]
[WhiteElo "2303"]
[BlackElo "2428"]
[WhiteFideId "4135881"]
[BlackFideId "24105660"]
[EventDate "2017.07.02"]

1. e4 c5 2. c3 Nf6 3. e5 Nd5 4. d4 cxd4 5. Nf3 e6 6. cxd4 b6 7. Bc4 Bb7 8. O-O
Be7 9. Qe2 O-O 10. Rd1 d6 11. Bxd5 Bxd5 12. Nc3 Bxf3 13. Qxf3 d5 14. Qh5 f5 15.
exf6 Bxf6 16. Qg4 Re8 17. Be3 Nc6 18. Rac1 Rc8 19. f4 Qd7 20. Qe2 Ne7 21. g4 Ng6
22. Qb5 Qf7 23. Qa6 Rc4 24. b3 Bxd4 25. Bxd4 Qxf4 26. bxc4 Nh4 27. Rc2 Qxg4+ 28.
Kf1 Rf8+ 29. Rf2 Qh3+ 30. Ke2 Qg4+ 31. Kd3 Nf3 32. Rxf3 Rxf3+ 33. Kc2 e5 34. Qb5
Qf5+ 35. Kb3 exd4 36. Qe8+ Qf8 37. Qxf8+ Kxf8 38. Rxd4 dxc4+ 39. Kxc4 Ke7 40. a4
g5 41. Nd5+ Ke6 42. Kb5 h5 43. Nc7+ Kf5 44. Ka6 Rh3 45. Kxa7 Rxh2 46. Kxb6 Rb2+
47. Nb5 h4 48. a5 h3 49. a6 h2 50. Rd1 Ra2 51. a7 g4 52. Nd4+ Ke4 53. Rh1 g3 54.
Ne2 Kf3 1/2-1/2

[Event "70th ch-RUS HL 2017"]
[Site "Sochi RUS"]
[Date "2017.07.06"]
[Round "5.25"]
[White "Saveliev, Alexei"]
[Black "Bykov, Egor"]
[Result "0-1"]
[BlackTitle "FM"]
[WhiteElo "2403"]
[BlackElo "2324"]
[WhiteFideId "24128546"]
[BlackFideId "34115290"]
[EventDate "2017.07.02"]

1. e4 e5 2. Nf3 Nc6 3. Bb5 a6 4. Ba4 Nf6 5. O-O Be7 6. Re1 b5 7. Bb3 d6 8. c3
O-O 9. h3 Bb7 10. d4 Re8 11. Nbd2 exd4 12. cxd4 Nd7 13. Nf1 Na5 14. Bc2 Bf6 15.
Ng3 g6 16. Rb1 c5 17. d5 Nc4 18. Nh2 Qa5 19. Ng4 Bg7 20. Nh6+ Kf8 21. h4 Qxa2
22. Nhf5 gxf5 23. Nxf5 Qa5 24. Nxg7 Kxg7 25. Qg4+ Kf8 26. b4 Qc7 27. e5 dxe5 28.
Bf5 Nf6 29. Qg5 Ke7 30. f4 Rg8 31. Qh6 e4 32. Bb2 Nxb2 33. Bxe4 Nxe4 34. Rxe4+
Kd7 35. Qh5 Rae8 36. Qxf7+ Kd8 37. Qf6+ Kc8 38. Rxe8+ Rxe8 39. Rxb2 Qe7 40. Qf5+
Kb8 0-1

[Event "70th ch-RUS HL 2017"]
[Site "Sochi RUS"]
[Date "2017.07.06"]
[Round "5.26"]
[White "Ulyanin, Sergei"]
[Black "Yeletsky, Ivan"]
[Result "0-1"]
[WhiteTitle "FM"]
[BlackTitle "FM"]
[WhiteElo "2328"]
[BlackElo "2417"]
[WhiteFideId "24105805"]
[BlackFideId "24180327"]
[EventDate "2017.07.02"]

1. e4 c5 2. Nf3 d6 3. d4 cxd4 4. Nxd4 Nf6 5. Nc3 a6 6. Bg5 Nbd7 7. f4 Qc7 8. Qf3
h6 9. Bxf6 Nxf6 10. f5 Qc5 11. O-O-O g5 12. Nb3 Qe5 13. Nd5 Nxd5 14. Rxd5 Qf6
15. Bd3 Bg7 16. e5 dxe5 17. Be4 O-O 18. g4 b6 19. Rd3 Rb8 20. Rhd1 a5 21. Rc3 a4
22. Nd2 b5 23. Nf1 Qa6 24. Rc7 Qa5 25. Rc5 Qa7 26. Rcd5 b4 27. Ng3 b3 28. cxb3
axb3 29. a3 Bb7 30. R5d3 Ba6 31. Rxb3 Rxb3 32. Qxb3 Rb8 33. Qd5 Qb6 34. Qd2 Bd3
35. Qc3 Bxe4 36. Nxe4 Qb7 37. Nc5 Qg2 38. Nd7 e4 39. f6 Bxf6 40. Nxf6+ exf6 41.
Kb1 Rb6 42. Qc8+ Kg7 43. b4 Qf3 44. Rd8 Qb3+ 45. Kc1 Qxa3+ 46. Kd1 Qa4+ 47. Ke2
Qa6+ 48. Qxa6 Rxa6 49. Ke3 Ra2 50. Rd2 Rxd2 51. Kxd2 Kf8 52. Ke3 f5 53. gxf5 f6
54. Kxe4 h5 55. Kd5 Ke7 56. b5 Kd7 57. b6 h4 58. b7 Kc7 59. Ke6 g4 60. Kxf6 g3
61. hxg3 h3 62. Kg7 h2 63. f6 h1=Q 64. f7 Qa1+ 65. Kg8 Qa2 66. Kg7 Qb2+ 67. Kg8
Qb3 68. g4 Qe6 69. b8=Q+ Kxb8 70. Kg7 Qe5+ 71. Kg8 Qg5+ 72. Kh7 Qf6 73. Kg8 Qg6+
74. Kf8 Kc7 75. g5 Qxg5 76. Ke8 Qd8# 0-1

[Event "70th ch-RUS HL 2017"]
[Site "Sochi RUS"]
[Date "2017.07.06"]
[Round "5.27"]
[White "Sin, Denis"]
[Black "Faizrakhmanov, Ramil"]
[Result "0-1"]
[WhiteTitle "FM"]
[BlackTitle "FM"]
[WhiteElo "2258"]
[BlackElo "2414"]
[WhiteFideId "34126683"]
[BlackFideId "24103209"]
[EventDate "2017.07.02"]

1. d4 Nf6 2. c4 e6 3. Nf3 b6 4. g3 Ba6 5. b3 Bb7 6. Bg2 Bb4+ 7. Bd2 a5 8. O-O
O-O 9. Nc3 d5 10. cxd5 exd5 11. Qc2 Re8 12. a3 Bd6 13. e3 c6 14. Bc1 Nbd7 15.
Bb2 Qe7 16. Rfe1 Rac8 17. Qe2 g6 18. Rec1 Nh5 19. Na4 b5 20. Nc3 f5 21. Qe1 Nhf6
22. Ne2 Ne4 23. Nf4 Ra8 24. Nd3 a4 25. Nfe5 axb3 26. f3 Nef6 27. f4 Bxa3 28.
Rab1 Nb6 29. Bxa3 Rxa3 30. Nc5 Nc4 31. Nxb7 Qxb7 32. Qb4 Qe7 33. Qxe7 Rxe7 34.
Nxc6 Rxe3 35. Nb4 b2 36. Rd1 Ne4 37. Nxd5 Red3 38. Re1 Rxd4 39. Bxe4 fxe4 40.
Nf6+ Kg7 41. Nxe4 Ra1 42. Nc3 Rxb1 43. Rxb1 b4 44. Na4 Rd2 0-1